Walking Across European Borders (WW2): Portugal to Liechtenstein - Statistics

General Stats
  • This quiz has been taken 526 times
  • The average score is 17 of 28
Answer Stats
Number of letters Country % Correct
8 Portugal
98%
5 Spain
98%
6 France
92%
7 Andorra
91%
10 Luxembourg
77%
7 Belgium
76%
11 Netherlands
76%
11 Nazi Germany
66%
7 Denmark
65%
6 Norway
64%
6 Sweden
64%
7 Finland
63%
11 Soviet Union
61%
12 Liechtenstein
56%
6 Poland
53%
11 Switzerland
53%
5 Italy
52%
14 Czechoslovakia
51%
7 Estonia
51%
6 Latvia
51%
9 Lithuania
51%
7 Hungary
50%
7 Romania
50%
8 Bulgaria
49%
10 Yugoslavia
49%
6 Greece
47%
7 Albania
46%
6 Turkey
44%
No matching quizzes found
Score Distribution
Percent of People with Each Score
Percentile by Number Answered
Your Score History
You have not taken this quiz